Modelovanie hydrolýzy COS prebiehajúcej v amín-absorbéri

Gespeichert in:
Bibliographische Detailangaben
1. Verfasser: Samu, Zsolt (Verfasst von)
Weitere Verfasser: Labovská, Zuzana (Betreuung Doktorarbeit)
Format: Manuskript Buch
Sprache:Slowakisch
Veröffentlicht: 2019
Schlagworte:
Online-Zugang:http://is.stuba.sk/zp/portal_zp.pl?podrobnosti=143060
Tags: Tag hinzufügen
Keine Tags, Fügen Sie das erste Tag hinzu!

MARC

LEADER 00000ntm a22000003a 4500
001 stuzp75054
003 SK-STU
005 20190601211821.2
007 ta
008 150427s2015----xo-----f-mn---000-0-slo-d
040 |a STU  |b slo 
041 0 |a slo 
100 1 |a Samu, Zsolt  |u 046230  |k Z4  |4 aut  |U FCHPT Ústav chemického a environmentálneho inžinierstva  |T FCHPT Oddelenie chemického a biochemického inžinierstva  |X 74866  |U C6230  |Y 119  |7 74866 
242 0 1 |a Modeling of COS Hydrolysis in the Amine Absorber  |y eng 
245 1 0 |a Modelovanie hydrolýzy COS prebiehajúcej v amín-absorbéri 
260 |c 2019 
650 4 |a zemný plyn  |2 slo 
650 4 |a amínová výpierka  |2 slo 
650 4 |a amín  |2 slo 
650 4 |a monoetanolamín  |2 slo 
650 4 |a COS  |2 slo 
650 4 |a H2S  |2 slo 
650 4 |a dietanolamín  |2 slo 
650 4 |a metyldietanolamín  |2 slo 
650 4 |a CO2  |2 slo 
650 4 |a amine sweetening  |2 eng 
650 4 |a amin  |2 eng 
650 4 |a monoethanolamine  |2 eng 
650 4 |a diethanolamine  |2 eng 
650 4 |a methyldiethanolamine  |2 eng 
650 4 |a COS  |2 eng 
650 4 |a natural gas  |2 eng 
650 4 |a H2S  |2 eng 
650 4 |a CO2  |2 eng 
700 1 |a Labovská, Zuzana  |u 046230  |k Z1  |4 ths  |U FCHPT Ústav chemického a environmentálneho inžinierstva  |T FCHPT Oddelenie chemického a biochemického inžinierstva  |X 10276  |U C6230  |Y 119  |7 A000010276 
856 4 |u http://is.stuba.sk/zp/portal_zp.pl?podrobnosti=143060